• 首页
  • 本馆介绍
  • 公告通知
  • 最新文献
  • 馆藏检索
  • 电子资源
  • 读者导购
  • 参考咨询
  • 我的图书馆
  • 登录
  • 详细信息显示
  • 放入我的书架
  • 预约/预借图书
  • 作者相关作品
  • 分类相关作品
  • 丛书相关作品
  • 出版社相关作品

书目信息

  • 表格格式
  • 工作单格式
  • 卡片格式
题名:
电力机车运用与检修专业教师教学能力标准,培训方案和培训质量评价指标体系
    
 
作者: 杨志强 主编
分册:  
出版信息: 北京   中国铁道出版社  2012
页数: 57页
开本: 26cm
丛书名: 教育部、财政部中等职业学校教师素质提高计划成果丛书
单 册:
中图分类: U264
科图分类:
主题词: 电力机车--职业高中--教学参考资料 , 电力机车--维修--职业高中--教学参考资料
电子资源:
ISBN: 978-7-113-13862-2
000 01201nam0 2200265 450
001 2332964450
005 20231129090935.49
010    @a978-7-113-13862-2@dCNY11.50
100    @a20120223d2012 em y0chiy0120 ea
101 0  @achi
102    @aCN@b110000
105    @ay z 000yy
200 1  @a电力机车运用与检修专业教师教学能力标准,培训方案和培训质量评价指标体系@9dian li ji che yun yong yu jian xiu zhuan ye jiao shi jiao xue neng li biao zhun , pei xun fang an he pei xun zhi liang ping jia zhi biao ti xi@b专著@f杨志强主编
210    @a北京@c中国铁道出版社@d2012
215    @a57页@d26cm
225 1  @a教育部、财政部中等职业学校教师素质提高计划成果丛书
300    @a电力机车运用与检修专业师资培训包开发项目(LBZD033)
304    @a教育部、财政部组编
330    @a本书包括中等职业学校电力机车运用与检修专业教师教学能力标准、中等职业学校电力机车运用与检修专业教师培训方案(上岗、提高、骨干三个层次)、电力机车运用与检修专业教师培训质量评价指标体系等三项成果。
606 0  @a电力机车@x职业高中@j教学参考资料
606 0  @a电力机车@x维修@x职业高中@j教学参考资料
690    @aU264@v5
701  0 @a杨志强@9yang zhi qiang@c(交通)@4主编
801  2 @aCN@b58marc.cn@c20150125
905    @aBZT@dU264@e2
    
    电力机车运用与检修专业教师教学能力标准,培训方案和培训质量评价指标体系/杨志强主编.-北京:中国铁道出版社,2012
    57页;26cm.-(教育部、财政部中等职业学校教师素质提高计划成果丛书)
    电力机车运用与检修专业师资培训包开发项目(LBZD033)
    
    ISBN 978-7-113-13862-2:CNY11.50
    本书包括中等职业学校电力机车运用与检修专业教师教学能力标准、中等职业学校电力机车运用与检修专业教师培训方案(上岗、提高、骨干三个层次)、电力机车运用与检修专业教师培训质量评价指标体系等三项成果。
●
相关链接 在五车中查询图书 在当当中查询图书 在豆瓣中查询图书


正题名:电力机车运用与检修专业教师教学能力标准,培训方案和培训质量评价指标体系     索取号:U264/2         预约/预借

序号 登录号 条形码 馆藏地/架位号 状态 备注
1 2001183465   2001183465   东辅楼二楼书库/ [索取号:U264/2] 在馆    
2 2001183466   2001183466   东辅楼二楼书库/ [索取号:U264/2] 在馆    
3 2001183467   2001183467   东辅楼二楼书库/ [索取号:U264/2] 在馆    
4 2001183468   2001183468   东辅楼二楼书库/ [索取号:U264/2] 在馆    
5 2001183469   2001183469   东辅楼二楼书库/ [索取号:U264/2] 在馆    
6 2001183470   2001183470   东辅楼二楼书库/ [索取号:U264/2] 在馆    
7 2001183471   2001183471   东辅楼二楼书库/ [索取号:U264/2] 在馆    
8 2001183472   2001183472   东辅楼二楼书库/ [索取号:U264/2] 在馆    
9 2001183473   2001183473   东辅楼二楼书库/ [索取号:U264/2] 在馆    
10 2001183474   2001183474   东辅楼二楼书库/ [索取号:U264/2] 在馆    
11 2001183475   2001183475   东辅楼二楼书库/ [索取号:U264/2] 在馆    
12 2001183476   2001183476   东辅楼二楼书库/ [索取号:U264/2] 在馆    
13 2001183477   2001183477   东辅楼二楼书库/ [索取号:U264/2] 在馆    
14 2001183478   2001183478   东辅楼二楼书库/ [索取号:U264/2] 在馆    
15 2001183479   2001183479   东辅楼二楼书库/ [索取号:U264/2] 在馆    
16 2001183480   2001183480   东辅楼二楼书库/ [索取号:U264/2] 在馆    
17 2001183481   2001183481   东辅楼二楼书库/ [索取号:U264/2] 在馆    
18 2001183482   2001183482   东辅楼二楼书库/ [索取号:U264/2] 在馆    
19 2001183483   2001183483   东辅楼二楼书库/ [索取号:U264/2] 在馆    
20 2001183484   2001183484   东辅楼二楼书库/ [索取号:U264/2] 在馆    
21 2001183485   2001183485   东辅楼二楼书库/ [索取号:U264/2] 在馆    
22 2001183486   2001183486   东辅楼二楼书库/ [索取号:U264/2] 在馆    
23 2001183487   2001183487   东辅楼二楼书库/ [索取号:U264/2] 在馆    
24 2001183488   2001183488   东辅楼二楼书库/ [索取号:U264/2] 在馆    
25 2001183489   2001183489   东辅楼二楼书库/ [索取号:U264/2] 在馆    
26 2001183490   2001183490   东辅楼二楼书库/ [索取号:U264/2] 在馆    
27 2001183491   2001183491   东辅楼二楼书库/ [索取号:U264/2] 在馆    
28 2001183492   2001183492   东辅楼二楼书库/ [索取号:U264/2] 在馆    
29 2001183493   2001183493   东辅楼二楼书库/ [索取号:U264/2] 在馆    
30 2001183494   2001183494   东辅楼二楼书库/ [索取号:U264/2] 在馆    
山东省滨州职业学院图书馆 欢迎您!
大连网信软件有限公司© 版权所有